[Event "GER-ch U10"]
[Site "Willingen"]
[Date "2016.05.20"]
[Round "9.26"]
[White "Fuhrmann, Bahne"]
[Black "Laube, Jannis"]
[Result "1-0"]
[WhiteElo "1034"]
[BlackElo "1193"]
[PlyCount "155"]
[EventDate "2016.05.15"]
[EventType "swiss"]
[EventRounds "11"]
[EventCountry "GER"]
[SourceTitle "CBM 172 Extra"]
[Source "ChessBase"]
[SourceDate "2016.06.21"]
[SourceVersion "1"]
[SourceVersionDate "2016.06.21"]
[SourceQuality "1"]

1. e4 e5 2. Nf3 Nc6 3. Bc4 Nf6 4. d3 Bc5 5. c3 d6 6. h3 Be6 7. Bb3 Qd7 8. Nbd2 Nh5 9. Nf1 f5 10. Ng5 Bxb3 11. Qxh5+ g6 12. Qh4 Bf7 13. a4 a6 14. Nxh7 fxe4 15. Nf6+ Ke7 16. Nxd7+ Rxh4 17. Bg5+ Kxd7 18. Bxh4 exd3 19. f3 Re8 20. Kd2 Bc4 21. Rb1 e4 22. Ng3 e3+ 23. Ke1 b5 24. Ne4 d2+ 25. Kd1 Ne5 26. Nxc5+ dxc5 27. b3 Bd3 28. Rb2 a5 29. axb5 c4 30. Bg3 cxb3 31. Bxe5 Rxe5 32. Rxb3 a4 33. Rb4 a3 34. Rd4+ Kc8 35. Rxd3 a2 36. Ke2 Rxb5 37. Ra1 Rb2 38. Kxe3 Rb1 39. Rxa2 d1Q 40. Rxd1 Rxd1 41. Ra6 Rc1 42. Kd2 Kb7 43. Rxg6 Ra1 44. f4 Rf1 45. Ke3 Re1+ 46. Kf2 Rc1 47. h4 Rc2+ 48. Kg1 Rc1+ 49. Kh2 Rxc3 50. Rg4 Rc5 51. Rg5 Rc4 52. g3 c5 53. h5 Rc2+ 54. Kh3 c4 55. h6 Rc1 56. Kg4 Rh1 57. Rc5 Rxh6 58. Rxc4 Rg6+ 59. Kf3 Rd6 60. f5 Rd3+ 61. Kf4 Kb6 62. f6 Kb5 63. Rc2 Rd1 64. Ke3 Rf1 65. Rf2 Re1+ 66. Kd2 Re8 67. g4 Kc6 68. g5 Kd6 69. g6 Ke6 70. f7 Rf8 71. g7 Rxf7 72. g8Q Ke5 73. Rxf7 Kd5 74. Qd8+ Ke6 75. Re7+ Kf6 76. Qf8+ Kg6 77. Rg7+ Kh6 78. Qh8# 1-0

[Event "GER-ch U10"]
[Site "Willingen"]
[Date "2016.05.16"]
[Round "4.24"]
[White "Laube, Jannis"]
[Black "Sallandt, Frido"]
[Result "1/2-1/2"]
[WhiteElo "1193"]
[BlackElo "1080"]
[PlyCount "108"]
[EventDate "2016.05.15"]
[EventType "swiss"]
[EventRounds "11"]
[EventCountry "GER"]
[SourceTitle "CBM 172 Extra"]
[Source "ChessBase"]
[SourceDate "2016.06.21"]
[SourceVersion "1"]
[SourceVersionDate "2016.06.21"]
[SourceQuality "1"]

1. e4 e5 2. Nf3 Nc6 3. Nc3 Nf6 4. Bc4 Bc5 5. d3 d6 6. Nd5 h6 7. h3 Be6 8. Nxf6+ Qxf6 9. Bb3 Nd4 10. Be3 Nxf3+ 11. Qxf3 Qxf3 12. gxf3 Bxe3 13. fxe3 0-0-0 14. Bxe6+ fxe6 15. 0-0-0 Rdf8 16. Rdf1 g5 17. h4 Rhg8 18. hxg5 hxg5 19. Rhg1 g4 20. Kd2 gxf3 21. Rxg8 Rxg8 22. Rxf3 Kd7 23. d4 exd4 24. exd4 Rg4 25. Kd3 e5 26. d5 b5 27. b3 a5 28. c4 bxc4+ 29. bxc4 Kc8 30. Rf8+ Kb7 31. Kc3 Rxe4 32. Rf2 c6 33. Rb2+ Kc7 34. dxc6 Kxc6 35. Rb5 a4 36. Ra5 a3 37. Rxa3 Re3+ 38. Kb4 Rxa3 39. Kxa3 Kc5 40. Kb3 Kd4 41. a4 Kc5 42. Kc3 Kb6 43. Kb4 e4 44. Kc3 e3 45. Kd3 e2 46. Kxe2 Ka5 47. Kd3 Kxa4 48. Kc3 Ka5 49. Kd4 Kb6 50. Kd5 Kc7 51. Kd4 Kc6 52. Ke4 Kc5 53. Kd3 d5 54. cxd5 Kxd5 1/2-1/2